Advancements-Minecraft - Statistics

General Stats
  • This quiz has been taken 12 times
  • The average score is 12 of 16
Answer Stats
Description Name % Correct
Enter the End dimension. The End?
100%
Have a diamond in your inventory. Diamonds!
90%
Have one of these 3 stones in your inventory.(cobblestone, blackstone, cobbled deepslate) Stone age
90%
Enchant an item at an Enchanting Table Enchanter
80%
Enter a stronghold. Eye Spy
80%
Have a stone pickaxe in your inventory. Getting an upgrade
80%
Have a lava bucket in your inventory. Hot Stuff
80%
Block any projectile with a shield. Not Today, Thank You
80%
Weaken and then cure a Zombie Villager Zombie Doctor
80%
Have a block of obsidian in your inventory. Ice Bucket Challenge
70%
Have a crafting table in your inventory Minecraft
70%
Have an iron ingot in your inventory. Acquire Hardware
60%
Have any type of diamond armor in your inventory. Cover Me with Diamonds
60%
Have an iron pickaxe in your inventory. Isn't It Iron Pick
60%
Have any type of iron armor in your inventory. Suit Up
60%
Enter the Nether dimension. We Need to Go Deeper
60%
No matching quizzes found
Score Distribution
Percent of People with Each Score
Percentile by Number Answered
Your Score History
You have not taken this quiz